原神地图(截至5.4) Genshin Impact Map (as of 5.4) - Statistics

General Stats
  • This quiz has been taken 11 times
  • The average score is 24 of 51
Answers on the Map
Answers color-coded by a green-red scale on the quiz's map according to % correct below.
 
Answer Stats
地区 % Correct
鸣神岛
78%
海祇岛
78%
鹤观
78%
珉林
67%
层岩巨渊
67%
层岩巨渊·地下矿区
67%
八酝岛
67%
清籁岛
67%
枫丹廷区
67%
奥奇卡纳塔
67%
坠星山谷
56%
龙脊雪山
56%
云来海
56%
沉玉谷·南陵
56%
沉玉谷·上谷
56%
桓那兰那
56%
道成林
56%
上风蚀地
56%
下风蚀地
56%
明冠山地
44%
风啸山坡
44%
苍风高地
44%
碧水原
44%
来歆山
44%
神无冢
44%
失落的苗圃
44%
列柱沙原
44%
千壑沙地
44%
浮罗囿
44%
白露区
44%
枫丹动能工程科学研究院区
44%
伊黎耶林区
44%
莫尔泰区
44%
诺思托伊区
44%
万火之瓯
44%
坚岩隘谷
44%
涌流地
44%
璃沙郊
33%
渊下宫
33%
二净甸
33%
阿陀河谷
33%
善见地
33%
护世森
33%
荒石苍漠
33%
苍晶区
33%
黎翡区
33%
踞石山
33%
翘枝崖
33%
镜璧山
33%
琼玑野
22%
旧日之海
22%
No matching quizzes found
Score Distribution
Percent of People with Each Score
Percentile by Number Answered
Your Score History
You have not taken this quiz